Understanding data communications / (Record no. 429)

MARC details
000 -LEADER
fixed length control field 00729nac a22002171u 4500
010 ## - LIBRARY OF CONGRESS CONTROL NUMBER
LC control number 99060971
020 ## - INTERNATIONAL STANDARD BOOK NUMBER
International Standard Book Number 8176353191
020 ## - INTERNATIONAL STANDARD BOOK NUMBER
International Standard Book Number 0672322161
082 00 - DEWEY DECIMAL CLASSIFICATION NUMBER
Classification number 004.6
Item number H4743
090 ## - LOCALLY ASSIGNED LC-TYPE CALL NUMBER (OCLC); LOCAL CALL NUMBER (OCLC)
-- 429
-- 429
100 ## - MAIN ENTRY--PERSONAL NAME
Personal name Held, Gilbert,
245 10 - TITLE STATEMENT
Title Understanding data communications /
Statement of responsibility, etc Gilbert Held.
250 ## - EDITION STATEMENT
Edition statement 7th ed.
260 ## - PUBLICATION, DISTRIBUTION, ETC. (IMPRINT)
Place of publication, distribution, etc Boston :
Name of publisher, distributor, etc Addison;
Date of publication, distribution, etc 2002.
300 ## - PHYSICAL DESCRIPTION
Extent xviii, 765 p. :
Other physical details ill. ;
Dimensions 24 cm.
500 ## - GENERAL NOTE
General note Previous eds. written by George E. Friend ... et al.
650 #0 - SUBJECT ADDED ENTRY--TOPICAL TERM
Topical term or geographic name as entry element Data transmission systems.
650 #0 - SUBJECT ADDED ENTRY--TOPICAL TERM
Topical term or geographic name as entry element Computer networks.
942 ## - ADDED ENTRY ELEMENTS (KOHA)
Item type Book - Borrowing
Call number prefix 004.6H4743
Holdings
Withdrawn status Item status Source of classification or shelving scheme Damaged status Not for loan Vendor Home library Current library Shelving location Date acquired Source of acquisition Cost, normal purchase price Total Checkouts Full call number Barcode Date last seen Cost, replacement price Koha item type
    Dewey Decimal Classification       Central Library Central Library Lower Floor 16/05/2006   70.00   004.6 HEL 000004196 15/07/2025 87.50 Book - Borrowing